Statistics for Madden Covers

Click here to take the quiz!

General Stats

  • This quiz has been taken 57 times
  • The average score is 22 of 38

Answer Stats

Madden GamePerson on the Cover% Correct
Madden NFL 20Patrick Mahomes
87%
Madden NFL 18Tom Brady
87%
John Madden Football(1988)John Madden
83%
John Madden Football(1990)John Madden
83%
John Madden Football(1991)John Madden
83%
John Madden Football '92John Madden
83%
John Madden Football '93John Madden
83%
John Madden Duo CD FootballJohn Madden
83%
Madden NFL '94John Madden
83%
John Madden Football(1994)John Madden
83%
Madden NFL '96John Madden
83%
Madden NFL 98John Madden
83%
Madden Football 64John Madden
83%
Madden NFL 21Lamar Jackson
79%
Madden NFL 17Rob Gronkowski
74%
Madden NFL 19Antonio Brown
70%
EA Sports Madden NFL FootballJohn Madden
70%
EA Sports Madden NFL Football:Season 2John Madden
70%
Madden NFL 16Odell Beckham Jr.
62%
Madden NFL 13Calvin Johnson
53%
Madden NFL 15Richard Sherman
47%
Madden NFL 11Drew Brees
43%
Madden NFL 12Peyton Hillis
43%
Madden NFL 2000John Madden, Barry Sanders, Dorsey Levens
42%
Madden NFL 2004Michael Vick
42%
Madden NFL 25Barry Sanders, Adrian Peterson
40%
Madden NFL 06Donovan McNabb
36%
Madden NFL 07Shaun Alexander, John Madden
34%
Madden NFL 2005Ray Lewis
32%
Madden NFL 08Vince Young, Luis Castillio
32%
Madden NFL 2002Daunte Culpepper
28%
Madden NFL 2001Eddie George
28%
Madden NFL 99John Madden, Garrison Hearst
28%
Madden NFL 97John Madden, Cary Brabham, Gordon Laro
26%
Madden NFL '95John Madden, Erik Williams, Karl Wilson
26%
Madden NFL 10Troy Polamalu, Larry Fitzgerald
26%
Madden NFL 09Brett Favre, Roberto Garza
25%
Madden NFL 2003Marshall Faulk
25%

Score Distribution

Percentile by Number Answered

Percent of People with Each Score

Your Score History

You have not taken this quiz